| 000 | 01367cam a2200385 i 4500 | ||
|---|---|---|---|
| 001 | 59915 | ||
| 003 | Mx-PuUPA | ||
| 005 | 20250526105246.0 | ||
| 008 | 140415s1996 sp gr 001 0 spa d | ||
| 017 | _a31.574/1996 | ||
| 020 | _a8474325692 | ||
| 040 |
_aMx-PuUPA _bspa _cMx-PuUPA _dMx-PuUPA _erda |
||
| 041 | 1 |
_aspa _heng |
|
| 100 | 1 |
_aDennett, D. C. _q(Daniel Clement) _d1942-2024, _eautor _911505 |
|
| 240 | 1 | 0 |
_aContent and consciousness. _lEspañol |
| 245 | 1 | 0 |
_aContenido y conciencia / _cDaniel C. Dennett ; traducción José María Lebrón |
| 250 |
_a1a edición / _bseptiembre |
||
| 264 | 1 |
_aBarcelona, España : _bEditorial Gedisa, _c1996 |
|
| 300 |
_a256 páginas ; _c23 cm |
||
| 336 |
_2rdacontent _atexto _btxt |
||
| 337 |
_2rdamedia _asin medio _bn |
||
| 338 |
_2rdacarrier _avolumen _bnc |
||
| 490 | 0 | _aColección Hombre y Sociedad | |
| 490 | 0 | _aCladema | |
| 490 | 0 | _aCiencias Cognitivas | |
| 650 | 7 |
_2armarc _aConciencia |
|
| 650 | 7 |
_2armarc _aMente y cuerpo |
|
| 650 | 7 |
_2armarc _aFilosofía de la mente |
|
| 700 | 1 |
_aLebrón, José María, _etraductor |
|
| 765 |
_aDennet Burke, Daniel C. _tContent and Consciousness _dRoutledge & Kegan Paul, ©1969 |
||
| 942 |
_2ddc _cLI _h128.2 _iD3518 |
||
| 999 |
_c59915 _d59915 |
||